| 000 | 00965cam a2200301 a 4500 | ||
|---|---|---|---|
| 001 | 903678 | ||
| 003 | ARRUPE | ||
| 005 | 20161017140409.0 | ||
| 008 | 830126s1980 enkfabc b 001 0 eng | ||
| 010 | _a 81136555 | ||
| 015 | _aGB81-06015 | ||
| 020 |
_a0905838300 : _c£11.50 |
||
| 040 |
_aDLC _cDLC _dDLC |
||
| 041 | 0 | _aengswe | |
| 043 | _af-tz--- | ||
| 050 | 0 | 0 | _aBX8063.T33S9613 1980 |
| 082 | 0 | 0 |
_a284.1/67827 _219 |
| 100 | 1 |
_aSundkler, Bengt, _d1909-1995. _926168 |
|
| 245 | 0 | 0 |
_aBara Bukoba : _bchurch and community in Tanzania / _cby Bengt Sundkler. |
| 260 |
_aLondon : _bC. Hurst, _cc1980. |
||
| 300 |
_aix, 229 p.; _bill., 1 map, ports., _c23 cm. |
||
| 500 | _aIncludes indexes. | ||
| 504 | _aBibliography: p. 222-224. | ||
| 610 | 2 | 0 |
_aEvangelical Lutheran Church in Tanzania. _bDiocese of Bukoba. _926793 |
| 650 |
_aBukoba (Tanzania) _xChurch history. _926794 |
||
| 906 |
_a7 _bcbc _corignew _d3 _encip _f19 _gy-gencatlg |
||
| 942 |
_2lcc _cMONOGRAPH |
||
| 999 |
_c125525 _d125525 |
||